A Geology for Engineers

Sparad:
Bibliografiska uppgifter
Huvudupphovsman: Blyth, Francis George Henry
Materialtyp: Sách
Språk:Undetermined
Publicerad: CRC Press 2017
Ämnen:
Taggar: Lägg till en tagg
Inga taggar, Lägg till första taggen!
Thư viện lưu trữ: Trung tâm Thư viện - Trường Đại học Công nghiệp TP. Hồ Chí Minh
LEADER 00474nam a2200157Ia 4500
001 UIH_00131
008 230809s9999 xx 000 0 und d
082 |a 551.024624 
100 |a Blyth, Francis George Henry 
245 2 |a A Geology for Engineers 
245 0 |c Blyth, Francis George Henry 
260 |b CRC Press 
260 |c 2017 
650 |a Engineering geology; 
927 |a Sách 
980 |a Trung tâm Thư viện - Trường Đại học Công nghiệp TP. Hồ Chí Minh